000 00650nam a2200205 i 4500
001 63595
003 ES-MaACL
007 t|
008 031212s1954 sp ||||1| spa d
100 1 _aFerry, Odette.
_950611
245 1 0 _aVacaciones en Roma /
_cOdette Ferry ; [versión española de Alberto Vila de Avilés].
250 _a[1ª ed.].
260 _aBarcelona :
_bLuis de Caralt,
_c[1954] (
_fCondal)
300 _a181 p. ;
_c18 cm.
490 1 _aLos libros de hoy
700 1 _aVila de Avilés, Alberto.
_9114719
830 0 4 _aLos libros de hoy (Luis de Caralt)
_9183636
852 _aES-MaACL
_jC-9322
_bR.36720
999 _c63595
_d63595